Sports Quiz

Random Sports or Football Quiz
Score 0/59 Timer 10:00
0 Plays Today
Club Manager % Correct
PSVBobby Robson
88.4%
PortoBobby Robson
88.4%
NewcastleBobby Robson
88.4%
SpursHarry Redknapp
84.1%
DerbyBrian Clough
79.8%
Nottingham ForestBrian Clough
79.8%
LiverpoolBob Paisley
74%
HalmstadRoy Hodgson
72.1%
MalmöRoy Hodgson
72.1%
LeedsDon Revie
66.7%
FC TwenteSteve McClaren
62.8%
LeedsHoward Wilkinson
60.9%
LiverpoolJoe Fagan
60.5%
BarcelonaTerry Venables
57.4%
IpswichAlf Ramsey
50.8%
SpursBill Nicholson
45.7%
ArsenalBertie Mee
45%
Aston VillaRon Saunders
43%
BlackburnRay Harford
38.4%
Man CityJoe Mercer
37.6%
Aston VillaTony Barton
37.6%
LeedsJimmy Armfield
35.3%
WolvesStan Cullis
33.7%
CelticTony Mowbray
31.8%
EvertonHarry Catterick
31.4%
MalmöBob Houghton
24%
AjaxVic Buckingham
23.3%
OlympiacosVic Buckingham
23.3%
BurnleyHarry Potts
14.3%
AIKStuart Baxter
13.2%
Club Manager % Correct
Barry TownKenny Brown
8.9%
BeşiktaşGordon Milne
6.2%
FlorianaMark Miller
4.7%
FC HakaKeith Armstrong
4.7%
HJKKeith Armstrong
4.7%
HiberniansMark Miller
4.7%
VallettaMark Miller
4.7%
RosenborgGeorge Curtis
3.9%
LinfieldJackie Milburn
3.1%
BenficaJimmy Hagan
3.1%
DjurgårdenFrank Soo
1.6%
SligoIan Baraclough
1.2%
Cork CelticBobby Tambling
1.2%
TNSAndy Cale
1.2%
TNSKen McKenna
1.2%
FenerbahceOscar Hold
0.8%
Lisburn DistilleryGeorge Eastham Sr
0.8%
GlentoranGeorge Eastham Sr
0.8%
GalatasarayBrian Birch
0.4%
GalatasarayJack Mansell
0.4%
LeedsMaurice Lindley
0.4%
RhylJohn Hulse
0.4%
RhylAllan Bickerstaff
0.4%
Royal AntwerpHarry Game
0%
PanathinaikosHarry Game
0%
Cork HiberniansDave Bacuzzi
0%
KeflavíkJoe Hooley
0%
ÍAGeorge Kirby
0%
Barry TownGary Barnett
0%

You're not logged in!

Compare scores with friends on all Sporcle quizzes.
OR
Log In

Sporcle TV

Today on Sporcle TV


Watch our educational content, quiz creation guides, and fun videos on Sporcle TV.

Show Comments

Extras

Top Quizzes Today


Score Distribution

Paid Content

Your Account Isn't Verified!

In order to create a playlist on Sporcle, you need to verify the email address you used during registration. Go to your Sporcle Settings to finish the process.

Report this User

Report this user for behavior that violates our Community Guidelines.

Details: